000 01200nam1a2200325 4500
001 RU\NLR\ONL2\18198
005 20260531091649.0
035 _a(NLR Aleph) 009665783
090 _a13713553
_c13713553
100 _a20100607g19491959u||y0rusy50 ca
101 0 _aaze
102 _aAZ
105 _ay |||||||||
200 1 _aГазет ишинин б?'зи м?с?л?л?ри
_fРза Гулиjев
_gССРИ Али Т?hсил наз-и. С. М. Киров ад. Азэрб. д?в. Дарулфунуну журналистика ш?'б?си
210 _aБакы
_cБирлешмиш нэшр.
_d1949-1959
215 _d22
541 1 _6z01790
_aНекоторые вопросы газетного дела
_zrus
606 0 _aГазетное дело
_91340928
_3RU\NLR\auth\66244023
686 1 _aЧ612(2Аз)4
700 1 _aГулиjев
_bР. И.
_gРза Иса о?лу
_4070
790 1 _6z01541
_aКулиев
_bР. И.
_gРза Иса оглы
_4070
801 0 _aRU
_bNLR
_c20100814
_gPSBO
852 _aNLR
_jАзерб./3-3836
852 _aNLR
_jАзерб./3-6009
852 _aNLR
_bОНЛ
942 _cBOOK
980 _aONL_RF
980 _aNB